2004 Animated Movies by Picture - Statistics

General Stats
  • This quiz has been taken 43 times
  • The average score is 8 of 12
Answer Stats
Picture Answer % Correct
Shrek 2
100%
The Incredibles
100%
The SpongeBob SquarePants Movie
93%
The Polar Express
90%
Clifford's Really Big Movie
80%
Shark Tale
78%
Naruto the Movie: Ninja Clash in the Land of Snow
73%
Howl's Moving Castle
49%
Home on the Range
41%
Pokémon: Destiny Deoxys
37%
Mind Game
5%
The Place Promised in Our Early Days
5%
No matching quizzes found
Score Distribution
Percent of People with Each Score
Percentile by Number Answered
Your Score History
You have not taken this quiz